000
00293nam a22001337a 4500
020
_a
978-93-84321-60-4
082
_a
894.812.3
_b
SWI/G
100
_a
SWIFT,JONATHAN
245
_a
GALLIVARUDA YATHRAKAL
260
_a
THRISSUR
_b
H&C BOOKS
300
_a
48
650
_a
STORY
_z
KERALA
942
_c
BK
999
_c
6949
_d
6949